Днепр - река героев: Свидетельства всенародного подвига

Detalhes bibliográficos
Outros Autores: Луцев Н. И. Николай Иванович (составитель)
Resumo:40-летию Победы сов. народа в Великой Отеч. войне посвящается
Idioma:russo
Publicado em: Киев, Политиздат Украины, 1983
Assuntos:
Formato: MixedMaterials Livro
KOHA link:https://koha.lib.tpu.ru/cgi-bin/koha/opac-detail.pl?biblionumber=131595

MARC

LEADER 00000nam0a2200000 4500
001 131595
005 20240802133859.0
035 |a (RuTPU)RU\TPU\book\142522 
090 |a 131595 
100 |a 20080219d1983 m y0rusy5003 ca 
101 0 |a rus 
102 |a UA 
105 |a a z 010ay 
200 1 |a Днепр - река героев  |e Свидетельства всенародного подвига  |f руков. коллектива сост. Н. И. Луцев 
210 |a Киев  |c Политиздат Украины  |d 1983 
215 |a 371 с.  |c ил.  |d 24 см 
300 |a 40-летию Победы сов. народа в Великой Отеч. войне посвящается 
606 1 |a Битва за Днепр 1943  |9 82781 
610 1 |a Великая Отечественная война 1941-1945 гг. 
610 1 |a Герои Советского Союза 
610 1 |a сборники 
686 |a Т3(2)622,12  |2 rubbk 
702 1 |a Луцев  |b Н. И.  |g Николай Иванович  |4 220 
801 0 |a RU  |b RuMRKP  |c 19950704  |g psbo 
801 1 |a RU  |b 63413507  |c 20080219  |g PSBO 
801 2 |a RU  |b 63413507  |c 20150424  |g PSBO 
942 |c BK